El Estado /
Saved in:
| Main Author: | |
|---|---|
| Other Authors: | |
| Format: | Text |
| Published: |
San Salvador:
UCA/Editores
|
| Tags: |
Add Tag
No Tags, Be the first to tag this record!
|
MARC
| LEADER | 00000 a a2200000 04500 | ||
|---|---|---|---|
| 001 | 22644 | ||
| 003 | |||
| 040 | |||
| 020 | |a 84-8405-013-0 | ||
| 090 | |a 155200 | ||
| 100 | |a Poulantzas, Nicos | ||
| 245 | |a El Estado / |c Nicos Poulantzas | ||
| 260 | |a San Salvador: |b UCA/Editores | ||
| 300 | |a 272 p | ||
| 700 | |a Cardoso, Fernando Henrique |a Moore, Stanley |a Sonntag, Heinz Rudolf |a Miliband, Ralph |a Althusser, Louis |a Oszlak, Oscar |a O'Donnell, Guillermo |a Torres Rivas, Edelberto |a Laski, H. | ||
| 999 | |c 11242 |d 11242 | ||



